Quiz Geografía - Lugares "santos" - Estadísticas

Estadísticas generales
  • Esta prueba ha sido intentada 191 veces
  • La puntuación promedio es 7 de 14
Estadísticas de respuestas
Pista Lugar % Correcto
Único país europeo que empieza con "San" San Marino
87%
Capital de Puerto Rico San Juan
85%
Segunda ciudad más grande de Rusia, anteriormente llamada Leningrado San Petersburgo
81%
Ciudad cabecera de la provincia de Guipúzcoa, España San Sebastían
72%
Ciudad gallega mundialmente conocida como centro de peregrinación Santiago de Compostela
72%
Segunda ciudad más poblada de Texas, sede de un importante equipo de baloncesto San Antonio
61%
País caribeño ubicado al oeste del anterior San Cristóbal y Nieves
61%
Menciona uno de los partidos del Gran Buenos Aires (Argentina) que inician con "San" San Fernando/San Isidro/San Martín/San Miguel/San Vicente
53%
Capital de Antigua y Barbuda Saint John's
47%
Única capital africana que refiere a un santo Santo Tomé
45%
Departamento isleño de Colombia, hace años fue disputado con Nicaragua San Andrés y Providencia
28%
Segunda ciudad más grande de Honduras San Pedro Sula
23%
Estado de la zona centro de México San Luis Potosí
16%
Ciudad de la región de Auvergne en Francia, rebautizada Armeville en 1789 Saint Étienne
15%
No se encontraron pruebas coincidentes
Distribución de puntuación
Porcentaje de gente con cada puntuación
Porcentaje por número respondido
Historial de tus puntuaciones
No has intentado esta prueba.